[Event "Cesenatico op 4th"]
[Site "Cesenatico"]
[Date "1999.??.??"]
[Round "5"]
[White "Albert, Marion"]
[Black "Rossi, Giampiero"]
[Result "1/2-1/2"]
[WhiteElo "2103"]
[BlackElo "2023"]
[PlyCount "102"]
[EventDate "1999.??.??"]
[EventType "swiss"]
[EventRounds "9"]
[EventCountry "ITA"]
[SourceTitle "EXT 2000"]
[Source "ChessBase"]
[SourceDate "1999.11.16"]
[SourceVersion "1"]
[SourceVersionDate "1999.11.16"]
[SourceQuality "1"]

1. e4 c5 2. d4 cxd4 3. c3 dxc3 4. Nxc3 Nc6 5. Nf3 g6 6. Bc4 Bg7 7. 0-0 d6 8. h3 Nf6 9. Qe2 0-0 10. Rd1 Qa5 11. Bf4 a6 12. a3 b5 13. b4 Qc7 14. Bd5 Nxd5 15. Nxd5 Qb7 16. Rac1 Bd7 17. e5 Rfe8 18. exd6 exd6 19. Qd2 Be6 20. Bg5 Bxd5 21. Qxd5 Rac8 22. Qxd6 Ne5 23. Nd2 h6 24. Bf4 Red8 25. Rxc8 Qxc8 26. Qc5 Nd3 27. Qxc8 Rxc8 28. Be3 Rc3 29. Nb1 Rb3 30. Kf1 Ne5 31. Bc5 Nc4 32. Ke2 Bf6 33. Rc1 Bg5 34. Rd1 Nxa3 35. Nxa3 Rxa3 36. Rd7 Ra2+ 37. Kf3 Rd2 38. Ra7 Rd3+ 39. Ke4 Ra3 40. Kd5 Kg7 41. Kc6 Ra4 42. Kb7 Bd2 43. Rxa6 Rxb4 44. Bxb4 Bxb4 45. Kc6 Be1 46. f3 b4 47. Kd5 Bc3 48. Rb6 h5 49. Rb7 Kf6 50. g4 hxg4 51. hxg4 g5 1/2-1/2

[Event "Sportland NRW-Cup"]
[Site "Senden"]
[Date "1999.??.??"]
[Round "3"]
[White "Armbruster, Alexander"]
[Black "Albert, Marion"]
[Result "1-0"]
[WhiteElo "2205"]
[BlackElo "2100"]
[PlyCount "137"]
[EventDate "1999.10.??"]
[EventType "swiss"]
[EventRounds "9"]
[EventCountry "GER"]
[SourceTitle "EXT 2000"]
[Source "ChessBase"]
[SourceDate "1999.11.16"]
[SourceVersion "1"]
[SourceVersionDate "1999.11.16"]
[SourceQuality "1"]

1. d4 Nf6 2. c4 e6 3. Nf3 c5 4. g3 cxd4 5. Nxd4 Bc5 6. Nc3 0-0 7. Bg2 Qb6 8. e3 Nc6 9. Nc2 Ne5 10. b3 d5 11. Na4 Bb4+ 12. Kf1 Qa5 13. Nxb4 Qxb4 14. Bb2 Qd6 15. Kg1 Bd7 16. Qd4 Nc6 17. Qc5 Qe7 18. Qxe7 Nxe7 19. Bxf6 gxf6 20. cxd5 Bxa4 21. bxa4 Nxd5 22. Bxd5 exd5 23. Kg2 Rac8 24. Rab1 Rc4 25. Rxb7 Rxa4 26. Rd1 Rd8 27. Rc1 Rc4 28. Rxc4 dxc4 29. Rxa7 Rc8 30. Rb7 c3 31. Rb1 Ra8 32. Rc1 Rxa2 33. Rxc3 Kg7 34. g4 Kg6 35. Rc5 Kg7 36. Kg3 Kg6 37. Rc6 Kg7 38. h4 h6 39. f3 Rb2 40. Kf4 Ra2 41. g5 fxg5+ 42. hxg5 hxg5+ 43. Kxg5 Ra3 44. Kf4 Rb3 45. e4 Ra3 46. Kg4 Re3 47. Rb6 Kh7 48. Rb5 Kg7 49. Kf4 Rc3 50. e5 Ra3 51. Rb7 Kg6 52. Rb6+ Kg7 53. Ke4 Rc3 54. f4 Rc4+ 55. Kf5 Ra4 56. Kg5 Ra5 57. Rb7 Rc5 58. Re7 Ra5 59. Kg4 Ra1 60. Rb7 Ra6 61. f5 Kf8 62. Rb8+ Ke7 63. f6+ Ke6 64. Re8+ Kd5 65. Kf5 Ra1 66. Rd8+ Kc6 67. Kg5 Re1 68. Kh6 Rg1 69. e6 1-0

[Event "Sportland NRW-Cup"]
[Site "Senden"]
[Date "1999.??.??"]
[Round "9"]
[White "Caravan, Mariana"]
[Black "Albert, Marion"]
[Result "1-0"]
[WhiteElo "2125"]
[BlackElo "2100"]
[PlyCount "29"]
[EventDate "1999.10.??"]
[EventType "swiss"]
[EventRounds "9"]
[EventCountry "GER"]
[SourceTitle "EXT 2000"]
[Source "ChessBase"]
[SourceDate "1999.11.16"]
[SourceVersion "1"]
[SourceVersionDate "1999.11.16"]
[SourceQuality "1"]

1. d4 e6 2. c4 Nf6 3. Nf3 c5 4. Nc3 cxd4 5. Nxd4 d5 6. Bf4 Bd6 7. Bxd6 Qxd6 8. Ndb5 Qd8 9. cxd5 exd5 10. Nxd5 Qa5+ 11. Nbc3 Qd8 12. Nb5 Qa5+ 13. b4 Qd8 14. Ndc7+ Ke7 15. Nxa8 1-0

[Event "Cesenatico op 4th"]
[Site "Cesenatico"]
[Date "1999.??.??"]
[Round "2"]
[White "Gaido, Paolo"]
[Black "Albert, Marion"]
[Result "0-1"]
[WhiteElo "2163"]
[BlackElo "2103"]
[PlyCount "106"]
[EventDate "1999.??.??"]
[EventType "swiss"]
[EventRounds "9"]
[EventCountry "ITA"]
[SourceTitle "EXT 2000"]
[Source "ChessBase"]
[SourceDate "1999.11.16"]
[SourceVersion "1"]
[SourceVersionDate "1999.11.16"]
[SourceQuality "1"]

1. Nf3 d5 2. d4 Bf5 3. e3 e6 4. Bd3 Bg6 5. 0-0 Nf6 6. c4 c6 7. Nc3 Bd6 8. Qe2 Ne4 9. Bxe4 dxe4 10. Nd2 Nd7 11. Ndxe4 Bxe4 12. Nxe4 Bxh2+ 13. Kxh2 Qh4+ 14. Kg1 Qxe4 15. f3 Qg6 16. e4 Nf6 17. Bf4 Nh5 18. Bh2 Rd8 19. Rad1 0-0 20. Rd3 f5 21. Rfd1 f4 22. d5 exd5 23. cxd5 cxd5 24. Rxd5 Rxd5 25. Rxd5 Rc8 26. Qb5 Ng3 27. Rd1 h6 28. Qxb7 Rc5 29. Qd7 Rc2 30. Bxg3 fxg3 31. Qd4 Qh5 32. Qd5+ Qxd5 33. exd5 Kf8 34. Rb1 Ke7 35. Kf1 Kd6 36. a4 Rf2+ 37. Kg1 Kxd5 38. b4 Kc4 39. b5 Ra2 40. Kf1 Rxa4 41. b6 axb6 42. Rxb6 Ra1+ 43. Ke2 Ra2+ 44. Ke3 Rxg2 45. Rg6 Kc3 46. Rxg7 h5 47. Rc7+ Kb2 48. f4 h4 49. Rh7 Rh2 50. f5 g2 51. Rg7 h3 52. f6 Rh1 53. f7 Rf1 0-1

[Event "Sportland NRW-Cup"]
[Site "Senden"]
[Date "1999.??.??"]
[Round "5"]
[White "Genkin, Michael"]
[Black "Albert, Marion"]
[Result "1-0"]
[WhiteElo "2175"]
[BlackElo "2100"]
[PlyCount "61"]
[EventDate "1999.10.??"]
[EventType "swiss"]
[EventRounds "9"]
[EventCountry "GER"]
[SourceTitle "EXT 2000"]
[Source "ChessBase"]
[SourceDate "1999.11.16"]
[SourceVersion "1"]
[SourceVersionDate "1999.11.16"]
[SourceQuality "1"]

1. e4 c6 2. d4 d5 3. exd5 cxd5 4. c4 Nf6 5. Nc3 Nc6 6. Be3 e6 7. Nf3 Be7 8. Bd3 Nb4 9. c5 Nxd3+ 10. Qxd3 0-0 11. 0-0 b6 12. b4 bxc5 13. bxc5 Qa5 14. Qd2 Qd8 15. Ne5 Qe8 16. Bg5 h6 17. Bh4 g5 18. Bg3 Ba6 19. Rfe1 Nh5 20. Ng4 Nxg3 21. hxg3 Kg7 22. Qe3 Qd8 23. Qf3 Rb8 24. Ne5 Qc7 25. Qh5 Rb4 26. Nxf7 Rxf7 27. Rxe6 Rf6 28. Nxd5 Qd8 29. Rxe7+ Kf8 30. Rae1 Qxd5 31. Qe8# 1-0